Ultimate guitar : (Record no. 31330)

000 -LEADER
fixed length control field 00532nam a22001577a 4500
008 - FIXED-LENGTH DATA ELEMENTS--GENERAL INFORMATION
fixed length control field 220302b |||||||| |||| 00| 0 eng d
020 ## - INTERNATIONAL STANDARD BOOK NUMBER
International Standard Book Number 9780615745688
050 ## - LIBRARY OF CONGRESS CALL NUMBER
Classification number M 125 .F47 2012
100 ## - MAIN ENTRY--PERSONAL NAME
Personal name Ferrante, Damon
245 ## - TITLE STATEMENT
Title Ultimate guitar :
Remainder of title chords, scales & arpeggios handbook/
Statement of responsibility, etc. Damon, Ferrante
260 ## - PUBLICATION, DISTRIBUTION, ETC. (IMPRINT)
Place of publication, distribution, etc. US:
Name of publisher, distributor, etc. Steeplechase Arts & Productions.
Date of publication, distribution, etc. 2012.
300 ## - PHYSICAL DESCRIPTION
Extent 455p. :
Other physical details ill. ;
Dimensions 22cm
500 ## - GENERAL NOTE
General note includes bibliographic references.
650 ## - SUBJECT ADDED ENTRY--TOPICAL TERM
Topical term or geographic name as entry element Music Guitar
942 ## - ADDED ENTRY ELEMENTS (KOHA)
Source of classification or shelving scheme
Koha item type Hard Covered Materials
Classification part M 125 .F47 2012
Holdings
Withdrawn status Lost status Source of classification or shelving scheme Damaged status Not for loan Home library Current library Shelving location Date acquired Source of acquisition Total Checkouts Full call number Barcode Date last seen Price effective from Koha item type
          MACHAKOS UNIVERSITY LIBRARY MACHAKOS UNIVERSITY LIBRARY Open shelf 02/03/2022 Damaris Kimanzi   M 125 .F47 2012 23897 02/03/2022 02/03/2022 Hard Covered Materials
© Machakos University Library, Along The Highway, Machakos Wote Rd, Machakos, Kenya P.O. Box 136 - 90100 Machakos - Kenya

Tel: ( +254 ) 723 805829 OR Fax : 044-20353 OR Email: library@mksu.ac.ke